Cấu trúc tiếng Anh = English construction

Salvato in:
Dettagli Bibliografici
Autore principale: Võ, Hành
Natura: Libro
Lingua:Undetermined
Pubblicazione: Thành phố Hồ Chí Minh Trẻ 1999
Soggetti:
Tags: Aggiungi Tag
Nessun Tag, puoi essere il primo ad aggiungerne! !
Thư viện lưu trữ: Trung tâm Học liệu Trường Đại học Cần Thơ
LEADER 00584nam a2200205Ia 4500
001 CTU_31200
008 210402s9999 xx 000 0 und d
082 |a 428 
082 |b H107 
100 |a Võ, Hành 
245 0 |a Cấu trúc tiếng Anh = 
245 0 |b English construction 
245 0 |c Võ Hành 
260 |a Thành phố Hồ Chí Minh 
260 |b Trẻ 
260 |c 1999 
650 |a English language,English language 
650 |x Sentences,Study and teaching 
904 |i Qhieu sửa 
980 |a Trung tâm Học liệu Trường Đại học Cần Thơ